<?xml version="1.0" encoding="UTF-8"?>
<record
    xmlns:xsi="http://www.w3.org/2001/XMLSchema-instance"
    xsi:schemaLocation="http://www.loc.gov/MARC21/slim http://www.loc.gov/standards/marcxml/schema/MARC21slim.xsd"
    xmlns="http://www.loc.gov/MARC21/slim">

  <leader>01139cam a2200265 a 4500</leader>
  <controlfield tag="001">000001037</controlfield>
  <controlfield tag="005">20200929145453.0</controlfield>
  <controlfield tag="008">991104s1999    it ach        000 0dita  </controlfield>
  <datafield tag="020" ind1=" " ind2=" ">
    <subfield code="a">888016306X</subfield>
  </datafield>
  <datafield tag="040" ind1=" " ind2=" ">
    <subfield code="a">DO-SdBNP</subfield>
    <subfield code="c">DLC</subfield>
    <subfield code="d">DLC</subfield>
  </datafield>
  <datafield tag="041" ind1="0" ind2="7">
    <subfield code="a">ita</subfield>
    <subfield code="2">C&#xF3;digo de idioma MARC</subfield>
  </datafield>
  <datafield tag="043" ind1=" " ind2=" ">
    <subfield code="a">e-it---</subfield>
  </datafield>
  <datafield tag="082" ind1=" " ind2=" ">
    <subfield code="a">853.8</subfield>
    <subfield code="b">V493b</subfield>
  </datafield>
  <datafield tag="100" ind1="1" ind2=" ">
    <subfield code="a">Verga, Giovanni,</subfield>
    <subfield code="d">1840-1922.</subfield>
    <subfield code="9">3592</subfield>
  </datafield>
  <datafield tag="245" ind1="1" ind2="0">
    <subfield code="a">Giovanni Verga :</subfield>
    <subfield code="b">una biblioteca da ascoltare.</subfield>
  </datafield>
  <datafield tag="260" ind1=" " ind2=" ">
    <subfield code="a">Roma :</subfield>
    <subfield code="b">De Luca,</subfield>
    <subfield code="c">1999.</subfield>
  </datafield>
  <datafield tag="300" ind1=" " ind2=" ">
    <subfield code="a">158 p. :</subfield>
    <subfield code="b">il, retrs., fasc&#xED;ms. ;</subfield>
    <subfield code="c">30 cm.</subfield>
  </datafield>
  <datafield tag="500" ind1=" " ind2=" ">
    <subfield code="a">Cat&#xE1;logo de exhibici&#xF3;n de aut&#xF3;grafos, libros, objetos, t&#xED;teres y manuscritos pertenecientes al escritor italiano Giovanni Verga (1840-1922).</subfield>
  </datafield>
  <datafield tag="504" ind1=" " ind2=" ">
    <subfield code="a">Incluye referencias bibliogr&#xE1;ficas.</subfield>
  </datafield>
  <datafield tag="600" ind1="1" ind2="0">
    <subfield code="a">VERGA, GIOVANNI,</subfield>
    <subfield code="d">1840-1922</subfield>
    <subfield code="v">EXPOSICIONES</subfield>
    <subfield code="9">3593</subfield>
  </datafield>
  <datafield tag="600" ind1="1" ind2="0">
    <subfield code="a">VERGA, GIOVANNI,</subfield>
    <subfield code="d">1840-1922</subfield>
    <subfield code="x">BIBLIOTECAS</subfield>
    <subfield code="v">EXPOSICIONES</subfield>
    <subfield code="9">3594</subfield>
  </datafield>
  <datafield tag="710" ind1="1" ind2=" ">
    <subfield code="a">Italia, Ministerio per i Beni e le Attivat&#xE0; Culturali.</subfield>
    <subfield code="b">Ufficio centrale per i beni librari, le istituzioni culturali e l'editoria.</subfield>
    <subfield code="9">3595</subfield>
  </datafield>
  <datafield tag="710" ind1="2" ind2=" ">
    <subfield code="a">Teatro dei Dioscuri (Roma, Italy)</subfield>
    <subfield code="9">3596</subfield>
  </datafield>
  <datafield tag="910" ind1=" " ind2=" ">
    <subfield code="a">Catalogaci&#xF3;n por copia / LC</subfield>
  </datafield>
  <datafield tag="952" ind1=" " ind2=" ">
    <subfield code="0">0</subfield>
    <subfield code="1">0</subfield>
    <subfield code="5">2</subfield>
    <subfield code="7">5</subfield>
    <subfield code="8">DS</subfield>
    <subfield code="a">BNPHU</subfield>
    <subfield code="b">BNPHU</subfield>
    <subfield code="c">HD</subfield>
    <subfield code="d">2009-06-25</subfield>
    <subfield code="i">LF1</subfield>
    <subfield code="l">0</subfield>
    <subfield code="o">853.8 V493b</subfield>
    <subfield code="p">1037-10</subfield>
    <subfield code="r">2020-06-25</subfield>
    <subfield code="w">2020-06-25</subfield>
    <subfield code="y">LF1</subfield>
    <subfield code="Z">Pr&#xE9;stamo interno</subfield>
  </datafield>
  <datafield tag="999" ind1=" " ind2=" ">
    <subfield code="c">1013</subfield>
    <subfield code="d">1013</subfield>
  </datafield>
</record>
